浜松市の郵便局 - Statistics

General Stats
  • This quiz has been taken 12 times
  • The average score is 25 of 120
Answer Stats
郵便番号 郵便局 % Correct
430-8799 浜松郵便局
100%
433-8799 浜松北郵便局
90%
432-8799 浜松西郵便局
80%
435-8799 浜松東郵便局
80%
430-0845 浜松中田島郵便局
50%
431-3199 積志郵便局
50%
431-3399 天竜郵便局
50%
430-0803 浜松植松郵便局
40%
430-0807 浜松佐藤郵便局
40%
430-0852 浜松領家郵便局
40%
430-0856 浜松向宿郵便局
40%
430-0907 浜松高林郵便局
40%
430-0923 浜松北寺島郵便局
40%
430-0929 浜松馬込郵便局
40%
430-0939 浜松連尺郵便局
40%
431-0201 篠原郵便局
40%
431-0299 舞阪郵便局
40%
431-1115 和地郵便局
40%
432-8003 浜松和地山郵便局
40%
432-8023 浜松根上り松郵便局
40%
432-8042 浜松海老塚郵便局
40%
432-8045 浜松浅田郵便局
40%
432-8058 浜松新橋郵便局
40%
433-8114 浜松葵郵便局
40%
433-8122 浜松上島郵便局
40%
433-8123 浜松幸郵便局
40%
434-8799 浜北郵便局
40%
435-0013 浜松橋羽郵便局
40%
435-0052 浜松天王郵便局
40%
435-0054 浜松早出郵便局
40%
430-0813 芳川郵便局
30%
430-0835 浜松遠州浜郵便局
30%
430-0841 浜松寺脇郵便局
30%
430-0904 浜松中沢郵便局
30%
430-0913 浜松船越郵便局
30%
430-0926 浜松砂山郵便局
30%
430-0948 浜松元目郵便局
30%
431-1499 三ヶ日郵便局
30%
431-3122 浜松有玉郵便局
30%
432-8012 浜松布橋郵便局
30%
432-8014 浜松鹿谷郵便局
30%
432-8017 浜松秋葉坂下郵便局
30%
432-8024 浜松鴨江郵便局
30%
432-8061 浜松入野郵便局
30%
435-0028 浜松飯田郵便局
30%
435-0053 浜松上新屋郵便局
30%
430-0821 浜松西町郵便局
20%
430-0901 浜松曳馬郵便局
20%
430-0919 浜松野口郵便局
20%
431-1209 舘山寺郵便局
20%
431-1399 細江郵便局
20%
431-2102 都田郵便局
20%
431-3107 笠井郵便局
20%
431-3313 天竜西鹿島郵便局
20%
431-3641 熊郵便局
20%
431-3906 浦川郵便局
20%
431-3999 佐久間郵便局
20%
431-4199 水窪郵便局
20%
432-8001 浜松西山郵便局
20%
432-8005 浜松神久呂郵便局
20%
432-8018 浜松蜆塚郵便局
20%
432-8021 浜松佐鳴台郵便局
20%
433-8105 浜松三方原郵便局
20%
433-8109 花川郵便局
20%
433-8118 浜松高丘郵便局
20%
433-8125 浜松和合郵便局
20%
435-0004 中野町郵便局
20%
435-0051 市野郵便局
20%
430-7701 浜松アクトシティ内郵便局
10%
431-0203 舞阪駅前郵便局
10%
431-1305 西気賀郵便局
10%
431-1402 都筑郵便局
10%
431-2299 引佐郵便局
10%
431-2537 渋川郵便局
10%
431-3115 浜松西崎郵便局
10%
431-3302 光明郵便局
10%
431-4112 城西郵便局
10%
432-8002 浜松富塚郵便局
10%
432-8062 増楽郵便局
10%
432-8065 高塚駅前郵便局
10%
434-0004 浜北宮口郵便局
10%
434-0014 浜北小林郵便局
10%
434-0018 浜北中瀬郵便局
10%
437-0606 春野豊岡簡易郵便局
10%
437-0625 犬居郵便局
10%
430-0924 浜松竜禅寺郵便局
0%
431-0102 宇布見郵便局
0%
431-0214 舞阪弁天島郵便局
0%
431-1199 伊佐地郵便局
0%
431-1207 浜松村櫛郵便局
0%
431-1304 細江湖東簡易郵便局
0%
431-1411 三ヶ日長根簡易郵便局
0%
431-1424 三ヶ日下尾奈郵便局
0%
431-2103 浜松新都田郵便局
0%
431-2202 川名簡易郵便局
0%
431-2205 伊平郵便局
0%
431-2212 井伊谷郵便局
0%
431-2224 奥山郵便局
0%
431-3303 天竜山東郵便局
0%
431-3427 下阿多古郵便局
0%
431-3532 上阿多古郵便局
0%
431-3764 横山郵便局
0%
431-3801 瀬尻簡易郵便局
0%
431-3899 竜山郵便局
0%
431-3901 佐久間町簡易郵便局
0%
431-3902 西渡郵便局
0%
432-8055 浜松卸本町郵便局
0%
432-8066 浜松志都呂簡易郵便局
0%
433-8111 浜松葵西郵便局
0%
434-0012 上中瀬簡易郵便局
0%
434-0015 赤佐郵便局
0%
434-0015 天竜病院内簡易郵便局
0%
434-0025 浜北善地郵便局
0%
434-0042 小松郵便局
0%
434-0045 浜北内野簡易郵便局
0%
435-0056 浜松鷺宮郵便局
0%
437-0602 杉簡易郵便局
0%
437-0604 春野宮川簡易郵便局
0%
437-0615 熊切郵便局
0%
437-0699 気多郵便局
0%
No matching quizzes found
Score Distribution
Percent of People with Each Score
Percentile by Number Answered
Your Score History
You have not taken this quiz